000 00234 a2200097 4500
001 49561
100 _aStone
245 _aPeriodical essays of the 19th century
260 _aLondon
_bOxford university press
_c
090 _c32087
_d32087
942 _aNUST-CAE
_cM
_c24544
999 _c284634
_d284634